000 00763cam a22002413a 4500
001 31317
003 PGUSA
005 20140828083658.0
008 100218s2010||||xxu|||||s|||||000 1 eng d
040 _aPGUSA
_beng
042 _adc
050 4 _aPZ
100 1 _aStratemeyer, Edward,
_d1862-1930
245 1 4 _aThe Campaign of the Jungle; Or, Under Lawton through Luzon
_h[electronic resource] /
_cEdward Stratemeyer
260 _bProject Gutenberg,
_c2010
506 _aPublic domain in the USA.
516 _aElectronic text
653 _aPhilippines -- History -- Philippine American War, 1899-1902 -- Juvenile fiction
700 1 _aShute, A. B.
830 0 _aProject Gutenberg
_v31317
856 4 0 _uhttp://www.gutenberg.org/ebooks/31317
942 _cEB
999 _c260572
_d260572